<?xml version="1.0" encoding="UTF-8"?><?xml-stylesheet type="text/xsl" href="static/style.xsl"?><OAI-PMH xmlns="http://www.openarchives.org/OAI/2.0/" xmlns:xsi="http://www.w3.org/2001/XMLSchema-instance" xsi:schemaLocation="http://www.openarchives.org/OAI/2.0/ http://www.openarchives.org/OAI/2.0/OAI-PMH.xsd"><responseDate>2026-04-28T19:45:02Z</responseDate><request verb="GetRecord" identifier="oai:uvadoc.uva.es:10324/4254" metadataPrefix="marc">https://uvadoc.uva.es/oai/request</request><GetRecord><record><header><identifier>oai:uvadoc.uva.es:10324/4254</identifier><datestamp>2021-06-23T16:56:17Z</datestamp><setSpec>com_10324_30605</setSpec><setSpec>com_10324_894</setSpec><setSpec>col_10324_41</setSpec></header><metadata><record xmlns="http://www.loc.gov/MARC21/slim" xmlns:doc="http://www.lyncode.com/xoai" xmlns:xsi="http://www.w3.org/2001/XMLSchema-instance" xmlns:dcterms="http://purl.org/dc/terms/" xsi:schemaLocation="http://www.loc.gov/MARC21/slim http://www.loc.gov/standards/marcxml/schema/MARC21slim.xsd">
<leader>00925njm 22002777a 4500</leader>
<datafield tag="042" ind1=" " ind2=" ">
<subfield code="a">dc</subfield>
</datafield>
<datafield tag="720" ind1=" " ind2=" ">
<subfield code="a">González Natal, María Nieves</subfield>
<subfield code="e">author</subfield>
</datafield>
<datafield tag="260" ind1=" " ind2=" ">
<subfield code="c">2013</subfield>
</datafield>
<datafield tag="520" ind1=" " ind2=" ">
<subfield code="a">La formación sanitaria especializada supone un autoaprendizaje tutelado para obtener unas competencias adecuadas a la especialidad con título oficial. Se estructura en cinco apartados: &#xd;
• El estudio normativo y autonómico de la Comunidad de Castilla y León&#xd;
• La exposición pedagógica de la formación: principios de aprendizaje, procesos de aprendizaje y resultados de aprendizaje. &#xd;
• Las características de los residentes para el periodo de 2001 a 2012 a partir de 4470 registros con 45 variables. Se destaca el género, la edad y nacionalidad de los residentes. Se indican las especialidades más cotizadas. Se describen los factores que definen la elección de plazas descritos en la literatura. &#xd;
• La prospección de las poblaciones para los años 2013-2015 con la herramienta Dinámica de Sistemas.&#xd;
• En la relación laboral se plantean las incidencias profesionales que acontecen en el mundo del trabajo y se hace una revisión de la jurisprudencia.</subfield>
</datafield>
<datafield tag="024" ind2=" " ind1="8">
<subfield code="a">http://uvadoc.uva.es/handle/10324/4254</subfield>
</datafield>
<datafield tag="024" ind2=" " ind1="8">
<subfield code="a">b1664279</subfield>
</datafield>
<datafield tag="024" ind2=" " ind1="8">
<subfield code="a">10.35376/10324/4254</subfield>
</datafield>
<datafield ind1=" " ind2=" " tag="653">
<subfield code="a">Médicos-Formación-España-Castilla y León</subfield>
</datafield>
<datafield tag="245" ind1="0" ind2="0">
<subfield code="a">La formación de los médicos internos residentes en Castilla y León: dinámica de sistemas</subfield>
</datafield>
</record></metadata></record></GetRecord></OAI-PMH>